000 00371nam a2200181Ia 4500
100 _aCrouse/William H
650 _aMechanics
250 _a10
942 _cBK
366 _f20
654 _aautomotive
245 _aAutomotive Mechanics
260 _bMC Graw-Hill
_c1993
082 _a620.1
_bCRO
300 _a820
546 _aENGLISH
_cInfo.Tech
999 _c20698
_d20698